000 00739nam a2200265Ia 4500
001 33233
005 20240114001640.0
007 ta
008 061213s1999 a g b000 u asm u
020 _cHB
040 _aCotton College,Assam
041 _aasm
082 _a301.2
_bRa 112 As
100 _aRabha, Malina Devi .
245 0 _aAsomiya Aru Rabha Samaj Sanskritir Sarup /
_cMalina Devi Rabha.
_hTextual Documents
250 _a1st ed. /
260 _aGoalpara(Assam) :
_bMalina Devi Rabha ,
_c1999.
300 _a107p. :
_bill ;
_c22cm .
653 _aSocio-Cultural Analysis-Assamese and Rabha
653 _aSociology
653 _aG-Sociology
942 _2ddc
_cBK
999 _c33215
_d33215